[Event "18.Open Seefeld"]
[Site "Seefeld / Oesterreich"]
[Date "2007.09.07"]
[Round "7"]
[White "Schmidt, Wolfgang"]
[Black "Plock, Christian"]
[Result "1/2-1/2"]
[WhiteElo "2071"]
[BlackElo "1986"]
[PlyCount "25"]
[EventDate "2007.09.01"]
[EventType "swiss"]
[EventRounds "9"]
[EventCountry "AUT"]

1. e4 e5 2. Bc4 d6 3. Nc3 Be6 4. Bb3 Nf6 5. d3 Qd7 6. f4 exf4 7. Bxf4 Bxb3 8.
axb3 Be7 9. Nf3 O-O 10. O-O a6 11. Bg5 h6 12. Bh4 Nc6 13. Qd2 1/2-1/2

[Event "18.Open Seefeld"]
[Site "Seefeld / Oesterreich"]
[Date "2007.09.07"]
[Round "7"]
[White "Frank, Albert"]
[Black "Schwammberger, Eugen"]
[Result "1/2-1/2"]
[WhiteElo "1971"]
[BlackElo "2066"]
[PlyCount "37"]
[EventDate "2007.09.01"]
[EventType "swiss"]
[EventRounds "9"]
[EventCountry "AUT"]

1. b3 Nf6 2. Bb2 d5 3. e3 Bf5 4. f4 e6 5. Nf3 Nbd7 6. Nc3 Be7 7. Ne2 h6 8. Ng3
Bh7 9. Ne5 O-O 10. Bd3 Nxe5 11. fxe5 Ne4 12. Nh5 f5 13. Nf4 Qd7 14. Qh5 Bc5 15.
Rd1 Qf7 16. Qxf7+ Kxf7 17. O-O g6 18. Kh1 Be7 19. Bxe4 1/2-1/2

[Event "18.Open Seefeld"]
[Site "Seefeld / Oesterreich"]
[Date "2007.09.07"]
[Round "7"]
[White "Werner, Bernd"]
[Black "Kainrath, Florian"]
[Result "0-1"]
[WhiteElo "1975"]
[BlackElo "2061"]
[PlyCount "72"]
[EventDate "2007.09.01"]
[EventType "swiss"]
[EventRounds "9"]
[EventCountry "AUT"]

1. e4 c5 2. Nf3 Nc6 3. d4 cxd4 4. c3 dxc3 5. Nxc3 d6 6. Bc4 a6 7. Qe2 Nf6 8.
O-O Bg4 9. Rd1 Qc7 10. Bb3 e6 11. h3 Bxf3 12. Qxf3 Be7 13. Be3 Rc8 14. Rac1 Qb8
15. Qg3 O-O 16. Bh6 Ne8 17. Ne2 Ne5 18. Nd4 Rxc1 19. Rxc1 Qd8 20. Bd2 Nf6 21.
Bxe6 Nxe4 22. Qe3 Nxd2 23. Qxd2 Bg5 24. f4 Bxf4 25. Qxf4 Nd3 26. Qd2 Nxc1 27.
Bd5 Qb6 28. Kh2 Qc5 29. Bxb7 Nxa2 30. Bxa6 Nb4 31. Bb7 d5 32. Nf5 Qc7+ 33. g3
Qxb7 34. Qg5 f6 35. Qg4 Nd3 36. Nd6 Qxb2+ 0-1

[Event "18.Open Seefeld"]
[Site "Seefeld / Oesterreich"]
[Date "2007.09.07"]
[Round "7"]
[White "Gatterer, Matthias"]
[Black "Allgaier, Erik"]
[Result "1-0"]
[WhiteElo "1973"]
[BlackElo "2060"]
[PlyCount "47"]
[EventDate "2007.09.01"]
[EventType "swiss"]
[EventRounds "9"]
[EventCountry "AUT"]

1. d4 d6 2. Nf3 g6 3. c4 Bg7 4. Nc3 e5 5. g3 f6 6. Bg2 Nh6 7. O-O O-O 8. e4 Nc6
9. h3 Nf7 10. Be3 Bh6 11. Bxh6 Nxh6 12. Qd2 Nf7 13. Rad1 b6 14. Rfe1 Kg7 15.
Kh2 Ba6 16. b3 Qd7 17. Qe3 Rae8 18. Rd2 Bb7 19. Red1 h5 20. Nd5 Ng5 21. Nxg5
exd4 22. Qf4 fxg5 23. Qxg5 Re5 24. Qh4 {Rest der Notationen unbrauchbar !} 1-0

[Event "18.Open Seefeld"]
[Site "Seefeld / Oesterreich"]
[Date "2007.09.07"]
[Round "7"]
[White "Platzgummer, Peter"]
[Black "Pieper, Harald"]
[Result "0-1"]
[WhiteElo "1970"]
[BlackElo "2043"]
[PlyCount "76"]
[EventDate "2007.09.01"]
[EventType "swiss"]
[EventRounds "9"]
[EventCountry "AUT"]

1. e4 d5 2. exd5 Nf6 3. Nf3 Nxd5 4. d4 e6 5. c4 Nf6 6. Be2 c6 7. O-O Be7 8. Nc3
b6 9. a3 Bb7 10. b4 O-O 11. Bb2 Nbd7 12. Qc2 h6 13. Rad1 Qc7 14. Rfe1 a5 15. b5
c5 16. Na4 Be4 17. Qb3 cxd4 18. Nxd4 Nc5 19. Nxc5 Bxc5 20. Bf3 Bxf3 21. Nxf3
Be7 22. Ne5 Bd6 23. h3 a4 24. Qc2 Rfe8 25. Rd3 Rad8 26. Nc6 Bh2+ 27. Kh1 Rxd3
28. Qxd3 Bd6 29. Rd1 Bc5 30. Be5 Qc8 31. Qf3 Nd7 32. Bb2 Nb8 33. Ne5 f6 34. Ng4
Nd7 35. Rxd7 Qxd7 36. Nxf6+ gxf6 37. Bxf6 Bf8 38. Qg4+ Bg7 0-1

[Event "18.Open Seefeld"]
[Site "Seefeld / Oesterreich"]
[Date "2007.09.07"]
[Round "7"]
[White "Georgiev, Georgi"]
[Black "Aigner, Georg"]
[Result "1-0"]
[WhiteElo "1915"]
[BlackElo "2033"]
[PlyCount "100"]
[EventDate "2007.09.01"]
[EventType "swiss"]
[EventRounds "9"]
[EventCountry "AUT"]

1. d4 Nf6 2. Nf3 c5 3. e3 cxd4 4. exd4 d5 5. c4 dxc4 6. Bxc4 Bg4 7. Bxf7+ Kxf7
8. Ne5+ Ke8 9. Nxg4 Nxg4 10. Qxg4 Qd7 11. Qe4 Na6 12. O-O Rc8 13. Nc3 Qc6 14.
d5 Qc4 15. Qe6 Kd8 16. Be3 Nc5 17. Bxc5 Qxc5 18. Ne4 Qb6 19. d6 exd6 20. Ng5
Rc7 21. Rac1 Be7 22. Nf7+ Ke8 23. Nxh8 Rc6 24. Rfe1 Qc7 25. Qf7+ Kd8 26. Qg8+
Kd7 27. Rxe7+ Kxe7 28. Qxg7+ Kd8 29. Qf8+ Kd7 30. Re1 Qd8 31. Qf7+ Kc8 32. h3
Rc7 33. Re8 Rxf7 34. Rxd8+ Kxd8 35. Nxf7+ Ke7 36. Nxd6 Kxd6 37. Kf1 Kd5 38. Ke2
Kd4 39. f3 b5 40. g4 a5 41. h4 b4 42. g5 a4 43. h5 a3 44. bxa3 bxa3 45. g6 hxg6
46. hxg6 Kc3 47. g7 Kb2 48. g8=R Kxa2 49. f4 Kb2 50. f5 a2 1-0

[Event "18.Open Seefeld"]
[Site "Seefeld / Oesterreich"]
[Date "2007.09.07"]
[Round "7"]
[White "Moes, Waldemar"]
[Black "Safdar, Mahmood"]
[Result "1-0"]
[WhiteElo "2024"]
[BlackElo "1660"]
[PlyCount "77"]
[EventDate "2007.09.01"]
[EventType "swiss"]
[EventRounds "9"]
[EventCountry "AUT"]

1. e4 e5 2. Nf3 Nc6 3. Bb5 f5 4. d3 d6 5. O-O Be7 6. Nc3 Be6 7. d4 fxe4 8. Nxe4
d5 9. Neg5 Bg4 10. h3 Bxf3 11. Nxf3 e4 12. Ne5 Qd6 13. c4 Nf6 14. Bf4 Qe6 15.
Qa4 O-O 16. Nxc6 bxc6 17. Bxc6 Rac8 18. Rac1 Bd6 19. Bxd6 Qxd6 20. cxd5 Nh5 21.
Bd7 Rcd8 22. Be6+ Kh8 23. Qb3 Qf4 24. Qe3 Qh4 25. g3 Qe7 26. Qxe4 Nf6 27. Qe5
Ne8 28. Rc5 Nd6 29. Rfc1 Qe8 30. Rxc7 Rf6 31. Rxa7 Qf8 32. Rcc7 Ne8 33. Rf7 Qb4
34. Rxf6 Nxf6 35. Qg5 Qf8 36. Rf7 Qg8 37. Rxf6 h6 38. Rxh6+ gxh6 39. Qxg8+ 1-0

[Event "18.Open Seefeld"]
[Site "Seefeld / Oesterreich"]
[Date "2007.09.07"]
[Round "7"]
[White "Klein, Gereon"]
[Black "Walcher, Christian"]
[Result "1-0"]
[WhiteElo "2009"]
[BlackElo "1776"]
[PlyCount "81"]
[EventDate "2007.09.01"]
[EventType "swiss"]
[EventRounds "9"]
[EventCountry "AUT"]

1. Nf3 e6 2. d4 Nf6 3. c4 b6 4. a3 d5 5. cxd5 exd5 6. g3 Bb7 7. Bg2 Nbd7 8. O-O
Ne4 9. Nc3 Nxc3 10. bxc3 Nf6 11. Ne5 Bd6 12. Qa4+ c6 13. Bg5 b5 14. Qb3 h6 15.
Bxf6 Qxf6 16. f4 a6 17. Rae1 Bxe5 18. dxe5 Qe7 19. e4 O-O 20. Re2 dxe4 21. Bxe4
c5 22. Qc2 Bxe4 23. Qxe4 c4 24. f5 f6 25. e6 Rad8 26. Rfe1 Rd3 27. Qc6 Re8 28.
Re4 Qa7+ 29. Rd4 Re7 30. Qc8+ Kh7 31. Ree4 Rxc3 32. Kg2 Rd3 33. Qd8 Rxd4 34.
Rxd4 h5 35. Rh4 g6 36. fxg6+ Kxg6 37. Qh8 Qc5 38. Qg8+ Rg7 39. Qe8+ Kh6 40.
Qh8+ Rh7 41. Qxf6# 1-0

[Event "18.Open Seefeld"]
[Site "Seefeld / Oesterreich"]
[Date "2007.09.07"]
[Round "7"]
[White "Gheri, Harald"]
[Black "Willin, Bernhard"]
[Result "0-1"]
[WhiteElo "1955"]
[BlackElo "2002"]
[PlyCount "90"]
[EventDate "2007.09.01"]
[EventType "swiss"]
[EventRounds "9"]
[EventCountry "AUT"]

1. d4 Nf6 2. Bf4 d6 3. c3 g6 4. Nf3 Bg7 5. Nbd2 b6 6. Qc2 c5 7. e3 Nbd7 8. Bb5
O-O 9. h3 Bb7 10. a4 Nd5 11. Bg3 Nc7 12. Bd3 Rc8 13. O-O Nf6 14. dxc5 bxc5 15.
Rad1 Rb8 16. Rb1 Ne6 17. Rfc1 Qd7 18. Qd1 Bc6 19. Bc2 Rfc8 20. b4 Nd5 21. b5
Ba8 22. Qf1 Nxc3 23. Ra1 Nd5 24. Rab1 Nb4 25. Bb3 Bd5 26. Bc4 Qb7 27. Bxd5 Qxd5
28. Qc4 Qxc4 29. Nxc4 Na2 30. Rc2 Nc3 31. Rb3 Nxa4 32. Ra2 Nb6 33. Nxb6 axb6
34. Rba3 Nc7 35. Ra7 Kf8 36. Ng5 h6 37. Ne4 Nxb5 38. R7a6 Nc7 39. Ra7 Nb5 40.
R7a6 f5 41. Nd2 Nc3 42. Nc4 Nxa2 43. Nxd6 Ra8 44. Rxb6 exd6 45. Bxd6+ Kg8 0-1

[Event "18.Open Seefeld"]
[Site "Seefeld / Oesterreich"]
[Date "2007.09.07"]
[Round "7"]
[White "Staninski, Borislav"]
[Black "Schulze, Joachim"]
[Result "0-1"]
[WhiteElo "1663"]
[BlackElo "1996"]
[PlyCount "100"]
[EventDate "2007.09.01"]
[EventType "swiss"]
[EventRounds "9"]
[EventCountry "AUT"]

1. e4 c6 2. d4 d5 3. Nc3 dxe4 4. Nxe4 Bf5 5. Ng3 Bg6 6. h4 h6 7. h5 Bh7 8. Nf3
Nd7 9. Bd3 Bxd3 10. Qxd3 e6 11. Bf4 Qa5+ 12. c3 Ngf6 13. O-O Nxh5 14. Nxh5 Qxh5
15. Rfe1 Be7 16. Ne5 Nxe5 17. Bxe5 Bf6 18. Rad1 O-O-O 19. b4 Bxe5 20. Rxe5 Qxe5
21. dxe5 Rxd3 22. Rxd3 Rd8 23. Rg3 g6 24. Kf1 Kd7 25. a4 Ke7 26. Ke2 Rd5 27. f4
b6 28. c4 Rd4 29. Rc3 Rxf4 30. Ke3 Rg4 31. Kf3 h5 32. b5 cxb5 33. axb5 Rd4 34.
c5 bxc5 35. Rxc5 Rd5 36. Rc7+ Rd7 37. Rc8 Rb7 38. Kf4 Rxb5 39. Rc7+ Ke8 40.
Rxa7 Rb2 41. g3 Rf2+ 42. Ke4 Kf8 43. Ra1 Kg7 44. Rh1 Kh6 45. g4 Kg5 46. Ke3 Rf4
47. gxh5 gxh5 48. Rxh5+ Kxh5 49. Kxf4 Kh4 50. Kf3 Kg5 0-1

[Event "18.Open Seefeld"]
[Site "Seefeld / Oesterreich"]
[Date "2007.09.07"]
[Round "7"]
[White "Niedermair, Hannes"]
[Black "Strasser, Josef"]
[Result "1-0"]
[WhiteElo "2069"]
[BlackElo "1913"]
[PlyCount "27"]
[EventDate "2007.09.01"]
[EventType "swiss"]
[EventRounds "9"]
[EventCountry "AUT"]

1. e4 c6 2. d3 d5 3. Nd2 g6 4. Ngf3 Bg7 5. g3 Bg4 6. h3 Bxf3 7. Qxf3 dxe4 8.
dxe4 Nd7 9. Qe2 Qb6 10. Bg2 e6 11. O-O Ngf6 12. Nc4 Qc7 13. e5 Nh5 14. g4 1-0

[Event "18.Open Seefeld"]
[Site "Seefeld / Oesterreich"]
[Date "2007.09.07"]
[Round "7"]
[White "Dalnodar, Bernhard"]
[Black "Kreusch, Frank"]
[Result "1-0"]
[WhiteElo "1709"]
[BlackElo "2022"]
[PlyCount "121"]
[EventDate "2007.09.01"]
[EventType "swiss"]
[EventRounds "9"]
[EventCountry "AUT"]

1. d4 Nf6 2. c4 g6 3. Nc3 d5 4. cxd5 Nxd5 5. e4 Nxc3 6. bxc3 Bg7 7. Nf3 O-O 8.
Be3 c5 9. Rc1 Nc6 10. d5 Ne5 11. Nxe5 Bxe5 12. f4 Bg7 13. g3 Qa5 14. Qd2 Bg4
15. Bg2 Bd7 16. c4 Qc7 17. O-O Rad8 18. Qf2 b6 19. e5 Qc8 20. Rfe1 Bf5 21. Qf1
Qd7 22. h3 h5 23. Kh2 Qa4 24. Qe2 Qd7 25. e6 fxe6 26. g4 hxg4 27. hxg4 exd5 28.
gxf5 d4 29. Bd5+ Kh8 30. fxg6 Bh6 31. Bd2 Rf6 32. Qxe7 Rxg6 33. Qxd7 Rxd7 34.
Re8+ Kg7 35. Rg8+ Kf6 36. Rxg6+ Kxg6 37. Rh1 Re7 38. f5+ Kg7 39. Bxh6+ Kxh6 40.
Kg3+ Kg5 41. Be6 Rg7 42. Kf3 Kf6 43. Rd1 Rh7 44. Rd2 Rh3+ 45. Ke4 Re3+ 46. Kd5
d3 47. a4 Kg5 48. Kc6 Kf4 49. Kb7 Ke4 50. Bd5+ Kd4 51. f6 Re2 52. f7 Rxd2 53.
f8=Q Re2 54. Qf4+ Kc3 55. Bf3 Kc2 56. Kxa7 Rf2 57. Kxb6 d2 58. Qe3 Rxf3 59.
Qxf3 d1=Q 60. Qxd1+ Kxd1 61. a5 1-0

[Event "18.Open Seefeld"]
[Site "Seefeld / Oesterreich"]
[Date "2007.09.07"]
[Round "7"]
[White "Wiesbeck, Florian"]
[Black "Kiechl, Stefan"]
[Result "1/2-1/2"]
[WhiteElo "1990"]
[BlackElo "1912"]
[PlyCount "90"]
[EventDate "2007.09.01"]
[EventType "swiss"]
[EventRounds "9"]
[EventCountry "AUT"]

1. d4 Nf6 2. c4 c5 3. d5 b5 4. Nf3 g6 5. cxb5 Bg7 6. Nc3 a6 7. e3 axb5 8. Bxb5
Qa5 9. Bd2 O-O 10. a4 Qb4 11. Qc2 Qg4 12. O-O d6 13. e4 Qh5 14. Rfe1 Bg4 15.
Be2 Nbd7 16. Bf4 Rfb8 17. h3 Bxh3 18. gxh3 Qxh3 19. Nh2 Ne5 20. Bxe5 dxe5 21.
Bf1 Qh4 22. Re3 Rb4 23. Rh3 Qf4 24. Bg2 Rab8 25. Ra2 Nh5 26. Nb5 Qg5 27. Nf3
Qg4 28. Rh4 Qc8 29. Bh3 Qa6 30. b3 Nf4 31. Bf1 Bf6 32. Rh2 Qc8 33. Bg2 Qg4 34.
Ne1 h5 35. Kf1 h4 36. Bf3 Qc8 37. Nd3 Nxd3 38. Qxd3 c4 39. bxc4 Rxc4 40. Qe2
Rb4 41. Bg4 Rb1+ 42. Kg2 Qc1 43. Qc2 Qg1+ 44. Kh3 Qf1+ 45. Rg2 Qh1+ 1/2-1/2

[Event "18.Open Seefeld"]
[Site "Seefeld / Oesterreich"]
[Date "2007.09.07"]
[Round "7"]
[White "Buchaeckert, Juergen"]
[Black "Eiter, Meinhard"]
[Result "1/2-1/2"]
[WhiteElo "1964"]
[BlackElo "1845"]
[PlyCount "39"]
[EventDate "2007.09.01"]
[EventType "swiss"]
[EventRounds "9"]
[EventCountry "AUT"]

1. e4 g6 2. d4 Bg7 3. Nc3 d6 4. Bg5 Nf6 5. e5 Ng4 6. h3 Nh6 7. Qd2 Ng8 8. f4 h5
9. Bd3 c6 10. Nf3 Be6 11. O-O-O d5 12. Nh4 Nh6 13. Rhf1 Nf5 14. Nxf5 gxf5 15.
g4 hxg4 16. hxg4 f6 17. exf6 exf6 18. Rde1 Kf7 19. gxf5 Bd7 20. Ne2 1/2-1/2

[Event "18.Open Seefeld"]
[Site "Seefeld / Oesterreich"]
[Date "2007.09.07"]
[Round "7"]
[White "Rampler, Evely"]
[Black "Ranker, Klemens"]
[Result "0-1"]
[WhiteElo "1588"]
[BlackElo "1955"]
[PlyCount "114"]
[EventDate "2007.09.01"]
[EventType "swiss"]
[EventRounds "9"]
[EventCountry "AUT"]

1. e4 c5 2. Nc3 Nc6 3. g3 g6 4. Bg2 Bg7 5. d3 d6 6. Be3 Nf6 7. h3 O-O 8. Qd2
Rb8 9. Bh6 b5 10. Bxg7 Kxg7 11. Nge2 Bd7 12. O-O e6 13. f4 Qc8 14. g4 Ng8 15.
f5 Ne5 16. Ng3 f6 17. Nce2 Ne7 18. Qf4 Rf7 19. Rf2 Qg8 20. g5 fxg5 21. f6+ Kh8
22. Qxg5 N7c6 23. Raf1 Rbf8 24. Rf4 Be8 25. c3 Nxd3 26. Rg4 Nce5 27. Rh4 Nd7
28. Nf4 Nxf4 29. Rhxf4 Ne5 30. b3 Bc6 31. Rd1 Rd8 32. c4 Qf8 33. cxb5 Bxb5 34.
Bf1 Bxf1 35. Rdxf1 Rb8 36. Nh1 Nd7 37. R1f3 e5 38. Rh4 Rxf6 39. Rxf6 Qxf6 40.
Qh6 Qg7 41. Qd2 Qe7 42. Qh6 Rg8 43. Nf2 Nf6 44. Qg5 Rg7 45. Kg2 Nh5 46. Qg4
Nf4+ 47. Kh2 h5 48. Nh1 Kg8 49. Qc8+ Kf7 50. Rxf4+ exf4 51. Qc6 Qe5 52. Qd7+
Kg8 53. Qd8+ Kh7 54. h4 Rf7 55. Nf2 Qf6 56. Qe8 Qxh4+ 57. Nh3 Qg3+ 0-1

[Event "18.Open Seefeld"]
[Site "Seefeld / Oesterreich"]
[Date "2007.09.07"]
[Round "7"]
[White "Diakov, Georgi"]
[Black "Becking, Franz Josef"]
[Result "0-1"]
[WhiteElo "1422"]
[BlackElo "2049"]
[PlyCount "58"]
[EventDate "2007.09.01"]
[EventType "swiss"]
[EventRounds "9"]
[EventCountry "AUT"]

1. e4 e6 2. d4 d5 3. Nc3 Nf6 4. Bg5 Be7 5. Bxf6 Bxf6 6. Nf3 O-O 7. Be2 b6 8.
O-O c5 9. e5 Be7 10. Re1 Nc6 11. Bb5 Bd7 12. Bxc6 Bxc6 13. a4 a6 14. b3 Rc8 15.
Qd3 Bb7 16. Ne2 c4 17. bxc4 Rxc4 18. Nd2 Rc6 19. c4 dxc4 20. Nxc4 Bb4 21. Reb1
a5 22. Nc3 Qc8 23. Rxb4 axb4 24. Nd6 Rxd6 25. exd6 Qxc3 26. Qxc3 bxc3 27. d7
Bc6 28. Rc1 Bxd7 29. Rxc3 Bxa4 0-1

[Event "18.Open Seefeld"]
[Site "Seefeld / Oesterreich"]
[Date "2007.09.07"]
[Round "7"]
[White "Titz, Waldemar"]
[Black "Schultheisz, Egon"]
[Result "0-1"]
[WhiteElo "1819"]
[BlackElo "1980"]
[PlyCount "74"]
[EventDate "2007.09.01"]
[EventType "swiss"]
[EventRounds "9"]
[EventCountry "AUT"]

1. e4 c5 2. Nf3 g6 3. d4 Bg7 4. Nc3 cxd4 5. Nxd4 d6 6. Be2 Qb6 7. Nb3 Bxc3+ 8.
bxc3 Nf6 9. Qd3 Nc6 10. Be3 Qc7 11. Bd4 e5 12. Be3 Be6 13. Bg5 Nh5 14. Bxh5
gxh5 15. O-O-O Rg8 16. h4 h6 17. Bxh6 Rg6 18. Be3 Ke7 19. g3 a5 20. Kb1 Rc8 21.
Nd2 b5 22. Ka1 b4 23. c4 a4 24. c5 Nd4 25. cxd6+ Qxd6 26. Bxd4 exd4 27. Rc1 Rc3
28. Qb5 Bd7 29. Qd5 Qc7 30. Qxd4 Rb6 31. Nb1 Rc4 32. Qd2 Qe5+ 33. c3 b3 34.
axb3 axb3 35. Kb2 Ra4 36. Na3 Rxa3 37. Kxa3 Qa5+ 0-1

[Event "18.Open Seefeld"]
[Site "Seefeld / Oesterreich"]
[Date "2007.09.07"]
[Round "7"]
[White "Borries, Barbara"]
[Black "Storkebaum, Ulrike"]
[Result "1-0"]
[WhiteElo "1947"]
[BlackElo "1963"]
[PlyCount "149"]
[EventDate "2007.09.01"]
[EventType "swiss"]
[EventRounds "9"]
[EventCountry "AUT"]

1. e4 e5 2. Nf3 Nc6 3. Bb5 a6 4. Bxc6 dxc6 5. O-O Bg4 6. h3 h5 7. d3 Qf6 8.
Nbd2 Bc5 9. c3 O-O-O 10. Nb3 Bxf3 11. Qxf3 Qxf3 12. gxf3 Bb6 13. Rd1 Ne7 14.
Be3 Bxe3 15. fxe3 b6 16. Kf2 a5 17. a4 c5 18. Ke2 Rd6 19. Rg1 g6 20. f4 exf4
21. exf4 Re8 22. Rad1 Rf6 23. Kf3 Nc6 24. Nd2 Ne5+ 25. Ke3 Nd7 26. Nf3 Rfe6 27.
b3 R6e7 28. Rd2 c6 29. Nh4 Nf6 30. Kf3 Nd7 31. e5 b5 32. axb5 cxb5 33. d4 Kb7
34. d5 Nxe5+ 35. fxe5 Rxe5 36. Kf2 Re3 37. Nf3 Rxc3 38. d6 Rd8 39. Re1 f6 40.
Re6 g5 41. Rxf6 g4 42. hxg4 hxg4 43. Rf7+ Kb6 44. Ne5 g3+ 45. Kg2 Rh8 46. Nf3
c4 47. bxc4 bxc4 48. Re2 Rd3 49. Rb2+ Rb3 50. Rd2 c3 51. Rd4 Rb4 52. Rd3 Rb2+
53. Kxg3 c2 54. Rc3 a4 55. d7 Rd8 56. Nd4 Rg8+ 57. Kf3 Rb1 58. Rxc2 Rf1+ 59.
Rf2 Rxf2+ 60. Kxf2 a3 61. Nb3 a2 62. Ke2 Kc7 63. d8=Q+ Kxd8 64. Ra7 Rg1 65. Kd2
Kc8 66. Kc2 Kb8 67. Rxa2 Rg2+ 68. Nd2 Kc7 69. Ra6 Kb7 70. Rh6 Kc7 71. Kc3 Rg4
72. Kd3 Ra4 73. Nc4 Ra1 74. Kd4 Rd1+ 75. Kc5 1-0

[Event "18.Open Seefeld"]
[Site "Seefeld / Oesterreich"]
[Date "2007.09.07"]
[Round "7"]
[White "Bangert, Ruediger"]
[Black "Nolte, Wilhelm"]
[Result "0-1"]
[WhiteElo "1761"]
[BlackElo "1775"]
[PlyCount "64"]
[EventDate "2007.09.01"]
[EventType "swiss"]
[EventRounds "9"]
[EventCountry "AUT"]

1. d4 e6 2. c4 Nf6 3. Bg5 Be7 4. Nc3 d5 5. cxd5 Nxd5 6. Bxe7 Qxe7 7. e3 O-O 8.
Nxd5 exd5 9. a3 Nd7 10. b4 Nf6 11. Be2 c6 12. Nf3 Ne4 13. Bd3 Bg4 14. Be2 Nc3
15. Qc2 Nxe2 16. Qxe2 Qf6 17. h3 Bh5 18. g4 Bg6 19. Rg1 Rfe8 20. h4 h6 21. g5
hxg5 22. hxg5 Qd6 23. Ne5 a5 24. Nxg6 Qxg6 25. bxa5 Rxa5 26. a4 b5 27. Qd1 Rea8
28. Ke2 Rxa4 29. Rxa4 Rxa4 30. f4 Qh5+ 31. Ke1 Qxd1+ 32. Kxd1 Ra1+ 0-1

[Event "18.Open Seefeld"]
[Site "Seefeld / Oesterreich"]
[Date "2007.09.07"]
[Round "7"]
[White "Gerhards, Walter"]
[Black "Berkemeier, Juergen"]
[Result "1-0"]
[WhiteElo "1947"]
[BlackElo "1917"]
[PlyCount "65"]
[EventDate "2007.09.01"]
[EventType "swiss"]
[EventRounds "9"]
[EventCountry "AUT"]

1. e4 c5 2. Nf3 e6 3. d4 cxd4 4. Nxd4 Bc5 5. Nb3 Bb6 6. Nc3 Ne7 7. Bf4 d5 8.
Bb5+ Nbc6 9. Qe2 a6 10. exd5 axb5 11. dxc6 bxc6 12. Rd1 Bd7 13. Ne4 O-O 14.
Nec5 Nd5 15. Qg4 Bc8 16. Qg3 Bxc5 17. Nxc5 f6 18. a3 e5 19. Bc1 Qa5+ 20. c3 b4
21. cxb4 Nxb4 22. axb4 Qxb4+ 23. Qc3 Qg4 24. O-O Bf5 25. Be3 Qg6 26. Kh1 h5 27.
Ra1 Rad8 28. Rfd1 Rd5 29. Rxd5 cxd5 30. Qb3 Rd8 31. Ra8 Rxa8 32. Qxd5+ Be6 33.
Qxa8+ 1-0

[Event "18.Open Seefeld"]
[Site "Seefeld / Oesterreich"]
[Date "2007.09.07"]
[Round "7"]
[White "Schnegg, Martin"]
[Black "Handl, Hans"]
[Result "1-0"]
[WhiteElo "1931"]
[BlackElo "1599"]
[PlyCount "31"]
[EventDate "2007.09.01"]
[EventType "swiss"]
[EventRounds "9"]
[EventCountry "AUT"]

1. e4 e6 2. d4 Nf6 3. e5 Nd5 4. c4 Nb6 5. Nc3 d6 6. f4 N6d7 7. Nf3 b6 8. Bd3
Bb7 9. O-O h6 10. d5 exd5 11. cxd5 dxe5 12. fxe5 Nc5 13. e6 Bxd5 14. Nxd5 Qxd5
15. Bb5+ c6 16. Qxd5 1-0

[Event "18.Open Seefeld"]
[Site "Seefeld / Oesterreich"]
[Date "2007.09.07"]
[Round "7"]
[White "Matt, Stefan"]
[Black "Duric, Rajko"]
[Result "1-0"]
[WhiteElo "2088"]
[BlackElo "1877"]
[PlyCount "53"]
[EventDate "2007.09.01"]
[EventType "swiss"]
[EventRounds "9"]
[EventCountry "AUT"]

1. d4 d6 2. e4 Nf6 3. Nc3 c6 4. Be3 e6 5. f4 Be7 6. h3 Qc7 7. Nf3 b5 8. a3 Bb7
9. Bd3 a6 10. e5 Nd5 11. Nxd5 cxd5 12. O-O dxe5 13. fxe5 f5 14. exf6 Bxf6 15.
Ng5 Qe7 16. Nxh7 Rxh7 17. Bxh7 Nc6 18. Bg6+ Kd7 19. c3 Rh8 20. Bf4 Nd8 21. Qe2
Bg5 22. Rae1 Bxf4 23. Rxf4 Rh6 24. Qg4 Kd6 25. Qg3 Kc6 26. Rg4 Qd6 27. Be8+ 1-0

[Event "18.Open Seefeld"]
[Site "Seefeld / Oesterreich"]
[Date "2007.09.07"]
[Round "7"]
[White "Klein, Reinhard"]
[Black "Michel, Jan"]
[Result "1-0"]
[WhiteElo "1870"]
[BlackElo "1450"]
[PlyCount "58"]
[EventDate "2007.09.01"]
[EventType "swiss"]
[EventRounds "9"]
[EventCountry "AUT"]

1. d4 d5 2. c4 e6 3. Nf3 Nd7 4. Bf4 c6 5. e3 Ngf6 6. Nc3 a6 7. c5 Be7 8. Bd3
O-O 9. b4 Ne8 10. h4 f5 11. g4 fxg4 12. Bxh7+ Kh8 13. Ng5 Ndf6 14. Bg6 Kg8 15.
Qc2 Ne4 16. Ncxe4 dxe4 17. Bxe8 Qxe8 18. Qxe4 Bxg5 19. hxg5 Rf5 20. Be5 Rxg5
21. Qh7+ Kf7 22. O-O-O a5 23. Rh6 Qe7 24. Bf6 Qxf6 25. Rxf6+ Kxf6 26. bxa5 Bd7
27. Qe4 Rxa5 28. Qf4+ Kg6 29. Qc7 Be8 1-0

[Event "18.Open Seefeld"]
[Site "Seefeld / Oesterreich"]
[Date "2007.09.07"]
[Round "7"]
[White "Grimm, Joachim"]
[Black "Auf'm Wasser, Günter"]
[Result "1/2-1/2"]
[WhiteElo "1618"]
[BlackElo "1867"]
[PlyCount "50"]
[EventDate "2007.09.01"]
[EventType "swiss"]
[EventRounds "9"]
[EventCountry "AUT"]

1. e4 e5 2. Nf3 f5 3. Nxe5 Nc6 4. Nxc6 dxc6 5. Bc4 Bc5 6. c3 Nf6 7. d4 Nxe4 8.
O-O Be7 9. f3 Nf6 10. Re1 Kf8 11. Be6 Bxe6 12. Rxe6 Qd7 13. Qe1 Kf7 14. Re2 Bd6
15. Bg5 Rhe8 16. Nd2 Rxe2 17. Qxe2 Re8 18. Qd1 Qe6 19. Nb3 b6 20. Qf1 Nh5 21.
Bd2 Qe2 22. g3 Nf6 23. Re1 Qxf1+ 24. Kxf1 Nd7 25. Rxe8 Kxe8 1/2-1/2

[Event "18.Open Seefeld"]
[Site "Seefeld / Oesterreich"]
[Date "2007.09.07"]
[Round "7"]
[White "Scheidt, Eugen"]
[Black "Senn, Othmar"]
[Result "1-0"]
[WhiteElo "1981"]
[BlackElo "1419"]
[PlyCount "99"]
[EventDate "2007.09.01"]
[EventType "swiss"]
[EventRounds "9"]
[EventCountry "AUT"]

1. e4 d5 2. exd5 Nf6 3. d4 Nxd5 4. Nf3 e6 5. c4 Nf6 6. Nc3 Nbd7 7. Bf4 Nh5 8.
Bg5 Be7 9. Bxe7 Qxe7 10. Nb5 Qd8 11. Ne5 Nhf6 12. Be2 a6 13. Nc3 O-O 14. Bf3
Nxe5 15. dxe5 Qxd1+ 16. Rxd1 Nd7 17. Bxb7 Bxb7 18. Rxd7 Bxg2 19. Rg1 Bf3 20.
Rg3 Bh5 21. Rgd3 Bg6 22. Rd2 Rac8 23. Re7 Rfe8 24. Red7 Kf8 25. Na4 Be4 26.
R7d4 Bc6 27. Nc5 a5 28. b3 Ra8 29. a3 g6 30. Ke2 Reb8 31. Kd1 Kg7 32. Kc2 h5
33. h4 Kh6 34. f4 Kg7 35. Kc3 Re8 36. Rb2 Red8 37. Rxd8 Rxd8 38. Rd2 Ra8 39.
Kb2 Kf8 40. b4 axb4 41. axb4 Ra7 42. Rd3 Ra8 43. b5 Be8 44. Rb3 Ke7 45. Na6 Rd8
46. Nxc7 Rd4 47. Nxe8 Kxe8 48. b6 Rd8 49. c5 Rb8 50. c6 1-0

[Event "18.Open Seefeld"]
[Site "Seefeld / Oesterreich"]
[Date "2007.09.07"]
[Round "7"]
[White "Kircher, Werner"]
[Black "Loew, Bernd"]
[Result "1-0"]
[WhiteElo "1944"]
[BlackElo "1601"]
[PlyCount "81"]
[EventDate "2007.09.01"]
[EventType "swiss"]
[EventRounds "9"]
[EventCountry "AUT"]

1. d4 b6 2. e4 Bb7 3. Bd3 Nf6 4. Qe2 e6 5. f4 Nc6 6. c3 Be7 7. Nf3 d6 8. O-O a6
9. h3 h6 10. Be3 Nh5 11. Qf2 g6 12. Nbd2 Qd7 13. d5 Na7 14. c4 O-O-O 15. a4 g5
16. f5 Nf4 17. Bc2 Rdg8 18. fxe6 fxe6 19. a5 Kb8 20. axb6 cxb6 21. Bxb6 Nc8 22.
Ba4 Nxb6 23. Bxd7 Nxd7 24. Kh2 g4 25. hxg4 Rxg4 26. g3 Nh5 27. Rg1 Rhg8 28. Nf1
Rxe4 29. Nd4 Rf8 30. Qd2 Bg5 31. Qd3 Nc5 32. Qd1 Nf6 33. Nf3 Ng4+ 34. Kg2 Be3
35. b4 Bxg1 36. Kxg1 Nd7 37. Qd3 exd5 38. cxd5 Rxb4 39. N1d2 Rb5 40. Rb1 Rxd5
41. Qxd5 1-0

[Event "18.Open Seefeld"]
[Site "Seefeld / Oesterreich"]
[Date "2007.09.07"]
[Round "7"]
[White "Straesser, Gerda"]
[Black "Egger, Herbert"]
[Result "1/2-1/2"]
[WhiteElo "1828"]
[BlackElo "1839"]
[PlyCount "24"]
[EventDate "2007.09.01"]
[EventType "swiss"]
[EventRounds "9"]
[EventCountry "AUT"]

1. e4 e5 2. Nf3 Nc6 3. Bb5 d6 4. h3 Be7 5. O-O Nf6 6. Re1 Bd7 7. c3 O-O 8. d4
exd4 9. cxd4 a6 10. Ba4 b5 11. Bc2 Nb4 12. Be3 Nxc2 1/2-1/2